000 01754nam a22002537a 4500
999 _c59655
_d59655
003 Ge_BSU
005 20230329161931.0
008 230329b xxu||||| |||| 00| 0 geo d
041 _ageo
080 _a378.4:004 უ-45
245 _aუნივერსიტეტის მართვის ინტეგრირებული საინფორმაციო სისტემის შექმნის, დანერგვისა და განვითარების მეთოდოლოგიური საფუძვლები /
_cავტორთა ჯგუფი : ს. ჩერნიშენკო, ი. ვოროტნიცკი, მ. ალექსეევი, კ. ბილიოვსკი და სხვ.; რედ. ს. ჩერნიშენკო, ი. ვოროტნიცკი; ტემპუსის პროგრამა.
264 _a[ქუთაისი],
_c2015.
300 _a240 გვ.;
_b30 სმ.
504 _aბიბლიოგრ. გვ.235-238
653 _aუნივერსიტეტის მართვის სისტემა
700 _aჩერნიშენკო, ს.
_eავტორი
_917331
700 _aვოროტნიცკი, ი.
_eავტორი
_917332
700 _aალექსეევი, მ.
_eავტორი
_917333
700 _aბილიოვსკი, კ. და სხვ.;
_eავტორი
_917334
700 _aჩერნიშენკო, ს.
_eრედაქტორი
_917335
700 _aვოროტნიცკი, ი.
_eრედაქტორი
_917336
710 _aტემპუსის პროგრამა
_917337
942 _2udc
_cBK